| 000 | 00693nam a22002177a 4500 | ||
|---|---|---|---|
| 003 | BUBTL | ||
| 008 | 230215b ||||| |||| 00| 0 eng d | ||
| 020 | _a9780195685091 | ||
| 082 | _a801.9509/ W357l/ 2006 | ||
| 100 |
_95191 _aWaugh, Patricia |
||
| 245 |
_aLiterary Theory And Criticism: _bAn Oxford Guide/ _cPatricia Waugh |
||
| 250 | _a1st Edn | ||
| 260 |
_aNew Delhi: _bOxford University Press, _cc2006 |
||
| 300 |
_axx, 598 p.: _c25 cm. |
||
| 500 | _aIncludes Index | ||
| 505 | _aLiterary Theory And Criticism, Patricia Waugh, English Literature, English | ||
| 650 | 0 |
_91994 _aEnglish Literature |
|
| 856 |
_k0 _l0 _yDownload |
||
| 942 |
_2ddc _cBK |
||
| 999 |
_c6951 _d6951 |
||